| 000 | 00633pam a2200217 a 4500 | ||
|---|---|---|---|
| 001 | 3433209 | ||
| 005 | 20171222093955.0 | ||
| 008 | 910715s1992 flua 001 0 eng | ||
| 010 | _a 91028006 | ||
| 020 | _a0132181576 | ||
| 040 |
_aDLC _cDLC _dDLC |
||
| 041 | _aeng | ||
| 080 | _a511 ROS | ||
| 082 | 0 | 0 |
_a511 ROS _220 |
| 100 | 1 | _a38 | |
| 101 | _aMAT | ||
| 245 | 1 | 0 |
_aDiscrete mathematics / _cKenneth A. Ross, Charles R.B. Wright. |
| 906 |
_a7 _bcbc _corignew _d1 _eocip _f19 _gy-gencatlg |
||
| 942 |
_2ddc _cBK |
||
| 999 |
_c39363 _d39363 |
||